| 000 | 01051cam a2200253 4500 | ||
|---|---|---|---|
| 001 | ABS64798 | ||
| 008 | 011203n2001 000 0 eng u | ||
| 035 | _a(Sirsi) u115826 | ||
| 100 | _aSpence, P. | ||
| 245 | _aUnhealthy fibres | ||
| 260 | _c2001 | ||
| 490 |
_aEstates Gazette _v(0145) 10 November 2001, 132-133(2) |
||
| 520 | _aAsbestos-related deaths total about 3,000 per year and are set to rise to 10,000 by 2020. Outlines the Health & Safety Executive (HSE) new regulations set out in draft Regulation 4, likely to be introduced early in 2002, which will place a requirement on employers and landlords to assess their premises for asbestos, and take measures to reduce or eliminate the risks it presents to people. | ||
| 590 | _aABS | ||
| 650 | _aMANAGEMENT-HEALTH AND SAFETY-HAZARDOUS SUBSTANCES-ASBESTOS | ||
| 650 | _aEMPLOYERS | ||
| 650 | _aLANDLORDS | ||
| 650 | _aASBESTOS REGISTER | ||
| 650 | _aWORKPLACE PREMISES | ||
| 650 | _aREGULATIONS | ||
| 690 |
_aHEALTH AND SAFETY _96244 |
||
| 700 | _aZuckerman, M. | ||
| 942 | _n0 | ||
| 999 |
_c68996 _d68996 |
||